Statistiche per Italian Quiz

Clicka qui per fare il quiz!

Statistiche generali

  • Questo quiz è stato fatto 159 volte
  • Il punteggio medio è 15 su 15

Statistiche sulle risposte

HintRisposta% Corretto
HelloCiao
100%
FriendAmico/amica
99%
(to) callChiamare
99%
ParentsGenitori
99%
EasyFacile
98%
MorningMattina/Mattino
98%
BestMigliore
98%
PeoplePersone
98%
MouthBocca
97%
Good luckBuona fortuna
97%
(to) seeVedere
97%
(to) liveVivere
97%
EveningSera
96%
HungryAffamato/affamata
95%
GiftRegalo
94%

Distribuzione punteggi

Percentile per numero di risposta

Percentuale di utenti per punteggio

I tuoi punteggi nel tempo

Non hai fatto questo quiz